000 00600nam a2200193Ia 4500
003 GCL
008 140319s9999 xx 000 0 ara d
040 _aGCL /
_cGCL
082 0 4 _a792.0943
_bك ك
100 1 _aكرافت, هيلجا
245 1 0 _aكابتات المسرح فى المانيا ومسرح الاخر /
_cكرافت, هيلجا
700 1 _aفوزية حسن
300 _a167 ص
490 _aالهيئة العامة للاستعلامات
_v0
650 0 4 _aالمسرح
650 0 4 _aالمسرح - المانيا
650 0 4 _aمؤلفات النساء
942 _2ddc
_cBK
999 _c52030
_d52030